Der Oasenmann : eine altägyptische Erzählung /
محفوظ في:
المؤلف الرئيسي:
التنسيق: كتاب
اللغة: German
منشور في:
Mainz am Rhein :
Von Zabern,
2003.
سلاسل:
Kulturgeschichte der antiken Welt ; 103.
الموضوعات:
الوسوم: إضافة وسم
لا توجد وسوم, كن أول من يضع وسما على هذه التسجيلة!
رقم الطلب: PJ1949 .K978 2003
| LEADER | 00683nam a22002057a 4500 | ||
|---|---|---|---|
| 003 | OSt | ||
| 005 | 20251027110757.0 | ||
| 008 | 251027t2003 gw a 000 0 ger c | ||
| 020 | |a 3805330847 (hd. bd.) | ||
| 040 | |c ARCE Library | ||
| 050 | 1 | 4 | |a PJ1949 |b .K978 2003 |
| 100 | 1 | |a Kurth, Dieter. | |
| 245 | 1 | 4 | |a Der Oasenmann : |b eine altägyptische Erzählung / |c übersetzt und kommentiert von Dieter Kurth. |
| 264 | 1 | |a Mainz am Rhein : |b Von Zabern, |c 2003. | |
| 300 | |a 152 p. : |b ill. (chiefly col.) ; |c 26 cm. | ||
| 490 | 0 | |a Kulturgeschichte der antiken Welt ; 103. | |
| 650 | 0 | |a Egyptian literature -- Translations into German. | |
| 901 | |a reviewed | ||
| 942 | |2 lcc |c BK | ||
| 999 | |c 50380 |d 50380 | ||
